00319nam a2200109Ia 4500008004100000082000800041100002700049245001500076942000600091952009700097999001500194240331s9999 xx 000 0 und d bPER aPeriyathambipillai,P.A 0aPalaikkali cL 001040708LaWERCLbWERCLcSSCd2024-03-31l0o 808.1 PERp6146r2024-03-31w2024-03-31yL c4718d4718